|
|
|
|
| LEADER |
01740nam a2200445 a 4500 |
| 001 |
nkc20132497221 |
| 003 |
CZ PrNK |
| 005 |
20260320113004.0 |
| 007 |
ta |
| 008 |
130906s2013 xr a e p 000 0 cze |
| 015 |
|
|
|a cnb002497221
|
| 020 |
|
|
|a 978-80-213-2392-6
|q (brož.)
|
| 035 |
|
|
|a (OCoLC)862713074
|
| 040 |
|
|
|a OLA001
|b cze
|
| 072 |
|
7 |
|a 58
|x Botanika
|2 Konspekt
|9 2
|
| 072 |
|
7 |
|a 37.016
|x Učební osnovy. Vyučovací předměty. Učebnice
|2 Konspekt
|9 22
|
| 080 |
|
|
|a 58
|2 MRF
|
| 080 |
|
|
|a (075.8)
|2 MRF
|
| 080 |
|
|
|a (076.5)
|2 MRF
|
| 100 |
1 |
|
|a Česká, Jana
|7 mzk2004265398
|4 aut
|
| 245 |
1 |
0 |
|a Praktická cvičení z botaniky :
|b (pracovní sešit pro posluchače oborů FAPPZ a FTZ) /
|c Jana Česká, Milan Skalický
|
| 250 |
|
|
|a 3. vyd., upr.
|
| 260 |
|
|
|a V Praze :
|b Česká zemědělská univerzita,
|c 2013
|
| 300 |
|
|
|a 97 s. :
|b il. ;
|c 30 cm
|
| 500 |
|
|
|a Nad názvem: Fakulta agrobiologie, potravinových a přírodních zdrojů
|
| 500 |
|
|
|a 300 výt. ; 12. dotisk v roce 2013?, 300 výt.
|
| 521 |
8 |
|
|a Určeno pro studenty ČZU v Praze
|
| 650 |
0 |
7 |
|a botanika
|7 ph114191
|2 czenas
|
| 650 |
0 |
9 |
|a botany
|2 eczenas
|
| 655 |
|
7 |
|a učebnice vysokých škol
|7 fd133772
|2 czenas
|
| 655 |
|
7 |
|a praktická cvičení
|7 fd133118
|2 czenas
|
| 655 |
|
9 |
|a textbooks (higher)
|2 eczenas
|
| 655 |
|
9 |
|a problems, exercises, etc
|2 eczenas
|
| 700 |
1 |
|
|a Skalický, Milan,
|d 1976-
|7 mzk2005266601
|4 aut
|
| 710 |
2 |
|
|a Česká zemědělská univerzita v Praze.
|b Fakulta agrobiologie, potravinových a přírodních zdrojů
|7 ko2005264397
|
| 910 |
2 |
|
|a BOA001
|b 4-1311.317
|
| 990 |
|
|
|a BK
|
| 995 |
|
|
|a 01
|
| 991 |
|
|
|b 201310
|c NOV
|e n
|
| 996 |
6 |
|
|b 2610566076
|c 4-1311.317
|l MZK
|r Sklad / do 1 hodiny
|n 1
|p p.v.
|w 001369706
|u 000010
|a 1
|e BOA001
|j MZK50
|s P
|